Normal view MARC view

Entry Nombre personal

Number of records used in: 3

001 - NÚMERO DE CONTROL

  • campo de control: 67170

003 - IDENTIFICADOR DE NÚMERO DE CONTROL

  • campo de control: SpMaBN

005 - FECHA Y HORA DE LA ÚLTIMA TRANSACCIÓN

  • campo de control: 20231214201210.0

008 - ELEMENTOS DE DATO DE LONGITUD-FIJA

  • campo de control de longitud fija: 920909n| aijnnaabn |a aaa

016 ## - NÚMERO DE CONTROL DE UNA AGENCIA BIBLIOGRÁFICA NACIONAL

  • Número de control del registro: BNE19925722635

024 7# - IDENTIFICADOR DE OTROS ESTÁNDARES

  • Número estándar o código: http://viaf.org/viaf/86836045/
  • Fuente: viaf

024 7# - IDENTIFICADOR DE OTROS ESTÁNDARES

  • Número estándar o código: https://isni.org/isni/0000000083986936
  • Fuente: isni

024 7# - IDENTIFICADOR DE OTROS ESTÁNDARES

  • Número estándar o código: http://www.wikidata.org/entity/Q11705075
  • Fuente: wikidata

040 ## - FUENTE DE CATALOGACIÓN

  • Centro catalogador/agencia de origen: SpMaBN
  • Lengua de catalogación: spa
  • Centro/agencia transcriptor: SpMaBN
  • Normas de descripción: rdc
  • Convención/Normas de encabezamiento de materia/tesauro: embne

046 ## - FECHAS CON CODIFICACIÓN ESPECIAL

  • Fecha de nacimiento: 1880
  • Fecha de la muerte: 1949

100 1# - ENCABEZAMIENTO-NOMBRE DE PERSONA

  • Nombre de persona: Juaristi, Victoriano,
  • Fechas asociadas al nombre: 1880-1949

370 ## - LUGAR ASOCIADO

  • Lugar de nacimiento: San Sebastián, Guipúzcoa, España
  • Fuente de información: (Wikidata)
  • Número de control del registro de autoridad o número normalizado: XX451375

374 ## - OCUPACIÓN

  • Ocupación: Compositores
  • Ocupación: Médicos
  • Ocupación: Escultores
  • Fuente de información: Wikidata

375 ## - GÉNERO/SEXO

  • Género: Masculino
  • Fuente de información: Wikidata

377 ## - IDIOMA ASOCIADO

  • Término de lengua/lenguaje: Español

400 1# - TRAZADO DE VÉASE--NOMBRE DE PERSONA

  • Nombre de persona: Juaristi Sagarzazu, Victoriano,
  • Fechas asociadas al nombre: 1880-1949

670 ## - FUENTE DE DATOS ENCONTRADOS

  • Cita de la fuente: Ganglios linfáticos y médula ósea, 1945
  • Información encontrada: port. (Victoriano Juaristi)

670 ## - FUENTE DE DATOS ENCONTRADOS

  • Cita de la fuente: Los caminos de Navarra, 1935
  • Información encontrada: port. (Victoriano Juarista) p. 4 (Victoriano Juaristi Sagarzazu)

670 ## - FUENTE DE DATOS ENCONTRADOS

  • Cita de la fuente: Esmaltes con especial mención de los españoles, 1933
  • Información encontrada: port. (Victoriano Juaristi)

670 ## - FUENTE DE DATOS ENCONTRADOS

  • Cita de la fuente: Gran enc. Navarra
  • Información encontrada: (Juaristi Sagarzazu, Victoriano; n.1880, San Sebastián -m. 1949, Pamplona; médico, publicista, músico, pintor, escultor y esmaltista)